Wszyscy zdobywcy podium w Formule 1 w sezonie 2025 - Statystyki

Ogólne statystyki
  • Ten quiz został rozwiązany 28 razy
  • Średni wynik to 8 z 10
Statystyki odpowiedzi
Ilość miejsc na podium Imię i nazwisko % Poprawnych
13 Charles Leclerc
96%
13 Lando Norris
96%
14 Max Verstappen
96%
8 Oscar Piastri
92%
9 Carlos Sainz
88%
4 George Russell
88%
5 Lewis Hamilton
83%
4 Sergio Perez
71%
1 Esteban Ocon
67%
1 Pierre Gasly
67%
Nie znaleziono quizów pasujących do podanych kryteriów
Rozkład punktacji
Procent ludzi z każdym wynikiem
Percentyl według liczby udzielonych odpowiedzi
Twoja historia wyników
Nie rozwiązałeś tego quizu